Quick Pick: New England States Quiz Stats

Quiz Updated Feb 4, 2018

Challenge
Share
Tweet
Embed
Score 0/6 Timer 00:30
2 Plays Today
% Correct
Massachusetts
96.4%
New Hampshire
95.5%
Connecticut
93.9%
Maine
93.1%
Vermont
87.6%
Rhode Island
86.2%

Today's Daily Dose

Missing Word
'F' Science

Word Ladder
Guitar Heroes

Quick Pick
Zambian Borders

On This Day
April 22nd II

You're not logged in!

Compare scores with friends on all Sporcle quizzes.
Sign Up with Email
OR
Log In

You Might Also Like...

Show Comments

Extras

Top Quizzes Today


Score Distribution

Your Account Isn't Verified!

In order to create a playlist on Sporcle, you need to verify the email address you used during registration. Go to your Sporcle Settings to finish the process.

Report this User

Report this user for behavior that violates our Community Guidelines.

Details: